00948nam a22002537a 4500003000900000005001700009007000300026008004100029020001800070040002600088082002100114100002000135245009400155260006200249300002800311490005400339500003400393504007200427650002400499650005600523700004800579710004200627830002500669DO-SdBNP20240530073937.0ta211005e2016 spaa||| r|||| 00| e spa d a9789993446293 aDO-SdBNPbspacBNPHU  4222a864.5bT588s1 aTíneo, Jennet10aSobre el ojo de la lengua :bensayos sobre obras de autores dominicanos /cJennet Tineo  aSanto Domingo :bAcademia Dominicana de la Lengua, c2016 a131 p. :bil. ;c23 cm. aEstudios literarios : por Bruno Rosario Candelier aAteneo Insular Internacional. aIncluye datos biográficos del la autora en las solapas del libro. 0aEnsayos dominicanos 4aLiteratura dominicanaxCrítica e interpretación1 aGarcía, José Enrique,d1948-eedición aPeña Peña, JulioeFoto de portada aEstudios literarios